000 00408pab a2200169 454500
008 180718b2010 xxu||||| |||| 00| 0 eng d
100 _aMulimani, V.H.
245 _aHigher education in India at cross roads
260 _c2010
300 _ap.1-5,8.
362 _a1Mar
650 _aHigher education - India
650 _aHigher education
773 _aUniversity News
908 _aN
909 _a85713
999 _c85713
_d85713